000 00937nas a2200325 4500
001 BR2016001803
003 BR-BrBNA
005 20231205130327.0
007 ta
008 230509b bl.|||p| |||| 00| 00por d
040 _aBR-BrBNA
_bpor
_cBiblioteca Nacional de Agricultura
041 _a(Pt)
072 _aL73
100 1 _aReis, A.S.B.
100 1 _aBrito, M.F.
100 1 _aBezerra Júnior, P.S.
100 1 _aFonseca Júnior, A.A.
100 1 _aUbiali, D.G.
100 1 _aMota, R.A.
100 1 _aLeite, R.C.
100 1 _aBarbosa, J.D.
245 1 _aDiagnóstico de paratuberculose por biópsia retal em búfalos
650 _aBUFALO
650 _aPARATUBERCULOSE
650 _aDOENCA ANIMAL
650 _aBIOPSIA
773 0 _tPesquisa Veterinária Brasileira (Brazil)
_xISSN 0100-736X
_g(Oct 2015), v. 35(10) p. 823-828
_wBR2016001803
909 _a202311
_bLúcia
_c55
_dLúcia Elande
942 _2AGRIS
_n0
_cANA
999 _c248866
_d248866